MDQL
is popping MORE tags! Check the
thread
!
Quizzes
Events
Quiz Creation
Community
Videos
Private Events
Remove Ads
Sign In
Join for FREE
Feedback
Dark Mode
Quiz Categories
Sports
Geography
Music
Movies
Television
Just For Fun
Miscellaneous
History
Literature
Language
Science
Gaming
Entertainment
Religion
Holiday
For Kids
Quiz Lab
Recent
Popular Today
Quiz Kudos Today
Editor Picks
Curator Picks
Quizzes by...
Day
Popularity
Type
Ratings
Length
Year
Community
Subscriptions
Recent Discussions
Orange Saloon
Badges
Playlists
Quests
Create
Leaderboards
Showdown
Live 5
Trivia Bingo
Activity
Puzzle Library
Sporcle Events
Private Events
Virtual Trivia
Globe League
Become a Host
Pub Owners
SporcleCon
Opinionation
Our Games
Videos
Blog
Mobile Apps
Partnerships
Remove Ads and Go Orange
Feedback
Movies
Disney
Marvel Cinematic Universe
Movie Resume
Movie Titles
Oscar
Actor
Actress
Director
Pixar
Role
Movie Quotes
Movie Characters
Box Office
Nominee
Best Picture
Star Wars
James Bond
Horror Movies
Movies
Disney
Marvel Cinematic Universe
Movie Resume
Movie Titles
Oscar
Actor
Actress
Director
Pixar
Role
Movie Quotes
Movie Characters
Box Office
Nominee
Best Picture
Star Wars
James Bond
Horror Movies
Random Quiz
Search Sporcle
×
Quiz Lab
Quiz Lab
Movies
Quote
Type in answers that appear in a list
Type in answers that appear in a list
Classic
Best Score? Go Orange.
100 Movie Quotes (video) Stats
Can you name the movie these quotes are from?
By
nomuny12
20m
100 Questions
733 Plays
733 Plays
733 Plays
Comments
Comments
Give Quiz Kudos
Give Quiz Kudos
-
- Ratings
hide this ad
More Info
Replay
Link that replays current quiz
Next Quiz
Link to next quiz in quiz playlist
You Got
0%
They Got
Avg Score
35%
Avg Friend Score
Upgrade to see
Score Distribution
Jump to the score distribution portion of the page
Score
0/100
Timer
20:00
0
Plays Today
No.
Movie
% Correct
13.
Back to the Future
95.1%
59.
Finding Nemo
89.2%
64.
Men in Black
86.4%
17.
Titanic
85.9%
89.
Ghostbusters
85.7%
33.
The Breakfast Club
83.1%
7.
Star Wars
82.8%
6.
Ocean's 11
78.6%
19.
Rain Man
78%
82.
The Shawshank Redemption
77.5%
41.
Gone With the Wind
76.1%
30.
When Harry Met Sally...
74.1%
79.
Casablanca
73.7%
100.
Lord of the Rings: The Fellowship of the Ring
70.4%
57.
Dirty Harry
69.2%
3.
Dead Poet's Society
67.8%
34.
The King and I
66.3%
78.
The Wizard of Oz
66.3%
58.
Monty Python and the Holy Grail
66.2%
93.
Office Space
63.7%
11.
The Fugitive
63%
86.
Being John Malkovich
61.4%
36.
The Princess Bride
59.8%
70.
Ferris Bueller's Day Off
55.5%
72.
Young Frankenstein
55.3%
90.
This is Spinal Tap
52.5%
16.
Silence of the Lambs
52.3%
65.
Clerks
51.2%
45.
It's a Wonderful Life
49.4%
61.
Superman
49.4%
97.
Fargo
48.3%
28.
The Jerk
48.2%
74.
The Usual Suspects
47.2%
88.
Lawrence of Arabia
46.9%
No.
Movie
% Correct
29.
Raiders of the Lost Ark
44.9%
20.
Galaxy Quest
44.6%
43.
Goldfinger
44.2%
51.
Cool Hand Luke
41.1%
32.
MASH
40.1%
14.
Castaway
39.6%
94.
To Kill a Mockingbird
39.6%
38.
Network
39%
4.
Blade Runner
37.5%
81.
Boogie Nights
36.3%
96.
The Godfather
36.3%
60.
Ben Hur
33.6%
77.
Escape from New York
33%
91.
Citizen Kane
31.7%
37.
Yellow Submarine
30.6%
25.
The Great Escape
30.4%
62.
The 39 Steps
27.3%
84.
The Maltese Falcon
27.3%
73.
The Bridge On the River Kwai
27%
83.
Almost Famous
26.7%
27.
Ed Wood
24.7%
46.
The Blues Brothers
24.7%
92.
12 Angry Men
24.4%
76.
Sunset Blvd.
23.7%
21.
Harold and Maude
23.1%
85.
The Natural
22.2%
75.
North by Northwest
21.6%
98.
L.A. Confidential
21.4%
69.
All About Eve
21.1%
31.
Star Trek II: The Wrath of Kahn
20.3%
50.
Roman Holiday
19.6%
15.
Quiz Show
19.1%
24.
The Apartment
17.7%
95.
Lock, Stock and Two Smoking Barrels
17.7%
No.
Movie
% Correct
66.
Harvey
16.1%
26.
The Hustler
15.8%
63.
Aliens
14.9%
10.
The Right Stuff
14.3%
55.
On the Waterfront
12.8%
80.
The Lion in Winter
12.8%
8.
Midnight Run
12.6%
54.
The Big Sleep
12.6%
18.
The Magnificent Seven
12.3%
49.
Waking Ned Devine
12%
56.
The Hudsucker Proxy
11.3%
67.
Marty
11.1%
1.
Night of the Living Dead
9.8%
99.
Once Upon a Time in the West
9.4%
23.
The Day The Earth Stood Still
6.3%
39.
Mr. Roberts
6.3%
48.
Midnight Express
5.6%
53.
The Adventures of Robin Hood
5.6%
40.
Singles
5.5%
71.
The Wild Bunch
5%
2.
Laura
4.9%
12.
The French Connection
4.5%
44.
The Manchurian Candidate
4.1%
5.
The Lost Weekend
4%
52.
The Taking of Pelham One Two Three
4%
22.
Rosencrantz and Guildenstern are Dead
3.8%
47.
The Remains of the Day
3.8%
35.
Gentleman's Agreement
3.4%
42.
The Awful Truth
3.3%
68.
The Life and Times of Judge Roy Bean
2%
87.
The Professionals
1.9%
9.
It Came From Outer Space
0.8%
Quiz Playlist
Details
Report
Send in Message
Add To Playlist
More Info:
Credit to Youtube user: AlonzoMosleyFBI for the video!
Classic:
Type in answers that appear in a list
Quiz Source
Last Updated: Feb 16, 2017
Quiz Scoreboard
CHALLENGE
Sign Up to Join the Scoreboard
Show All
Scores
Hide
Comments
May contain spoilers
Recently Published
Colored Red Africa Blitz
by spor1
Geography
30s
Find the 'City' Movie
by crazypaving
Movies
60s
5x2 Blitz: Bands
by SL_Kpop136
Music
30s
More to Explore
Quiz From the Vault
Featured Blog Post
14 Easter Pick-up Lines to Find Eggs With
hide this ad
You Might Also Like...
Tags
Quote Quiz
100
Video
Today's Top Quizzes in Movies
Browse Movies
hide this ad
Today's Top Quizzes in Quote
Browse Quote
Top Contributed Quizzes in Movies
1
Find The 'Big' Movie
2
Find The 'Wild' Movie
3
Find The 'Blue' Movie
4
Movies By Plot
5
Hidden Star Wars Character II
6
Hidden Star Wars Character III
7
Pick 5 Posters: Directed by Spielberg
8
Hidden Star Wars Character IV
9
Alfred Hitchcock Movies by Plot
10
Hidden Star Wars Character V
Explore More
Trending Topics
Disney
Harry Potter
Crossword
Anime
Marvel
NBA
Kpop
Song
Country
NFL
Puzzle
Pokémon
The Office
Soccer
WWE
hide this ad
More By:
nomuny12
Quiz
Plays
Rating
Category
Featured
Created
Same First Name (Sports)
226,856
4.07
Sports
Dec 1, 2009
Speed Sports II
144,067
4.05
Sports
Mar 1, 2010
Musician Images (A-Z) II
60,371
4.40
Music
Feb 3, 2010
Taylor Swift VMA Award
11,713
4.23
Music
Sep 30, 2009
Athlete's # Quiz With a Twist
8,536
3.50
Sports
Mar 2, 2010
Go to Creator's Profile
Score Distribution
Quiz Creator Spotlight
nomuny12
Follow
Send a Message
Quizzes Created
-
Created Quiz Play Count
-
More By This Creator
Popular Quizzes Today
1
Find the 'City' Movie
2
Colored Red Africa Blitz
3
Find the US States - No Outlines Minefield
4
5x2 Blitz: Bands
5
The Countries of the World
6
Find the US States
7
US States
8
9x9 Crossword: Cartoon Network
More Movies Quizzes
Movie by Kid's Face
Quiz Lab
Trending Quizzes
Colored Red Europe Blitz I
Colored Red Africa Blitz II
Colored Red Europe Blitz II
Colored Red Africa Blitz III
Colored Red Europe Blitz III
Recently Updated
2024 March Madness Bracket
pecheneg
Famous TV Couples
Peacemaker
Champions League XIs: Real Madrid
pecheneg
Largest US Cities 1790-2010
pecheneg
Rides in Walt Disney World
pecheneg
Most Oscar Losses (Acting)
pecheneg
Beyoncé Albums
pecheneg
Leaping Animals
pecheneg
Reality TV Shows (A-Z)
bhenderson79
Rickey Henderson's Hall of Fame Teammates
pecheneg
Trending Topics
Marvel
Anime
Kpop
Disney
Crossword
NBA
Harry Potter
The Office
Pokémon
Soccer
Puzzle
Song
Country
WWE
NFL
Your Account Isn't Verified!
In order to create a playlist on Sporcle, you need to verify the email address you used during registration. Go to your
Sporcle Settings
to finish the process.
Report this User
Report this user for behavior that violates our
Community Guidelines
.
Details:
Send Report
Go to the Sporcle.com Mobile Site →
Comments